Flora nativa de valor ornamental: identificación y propagación, Chile Zona Norte
שמור ב:
| Main Authors: | , , |
|---|---|
| פורמט: | ספר |
| שפה: | ספרדית |
| יצא לאור: |
Santiago
Jardín Botánico Chagual
2016
|
| מהדורה: | 2a. ed |
| נושאים: | |
| תגים: |
הוספת תג
אין תגיות, היה/י הראשונ/ה לתייג את הרשומה!
|
MARC
| LEADER | 00000cam a2200000 a 4500 | ||
|---|---|---|---|
| 001 | UCD3245 | ||
| 003 | CL-VaPUC | ||
| 008 | 160603e20160000cl |||||||||||||||||spa|d | ||
| 020 | |a 9789569479007o.c | ||
| 020 | |a 9789569479038 | ||
| 082 | 0 | 4 | |a 581.983 |b RIE |2 21 |
| 100 | 0 | |a Riedemann Moellinghoff, María Paulina |e author |9 586615 | |
| 700 | 0 | |a Aldunate Noël, Gustavo Eduardo |e author |9 586616 | |
| 700 | 0 | |a Teillier Arredondo, Sebastián |e author |9 586617 | |
| 245 | 1 | 0 | |a Flora nativa de valor ornamental: identificación y propagación, Chile Zona Norte |
| 250 | |a 2a. ed | ||
| 300 | |a 440 p | ||
| 942 | |c BK | ||
| 945 | |d 20160603 11:42:00 |a cmena | ||
| 260 | |a Santiago |b Jardín Botánico Chagual |c 2016 | ||
| 500 | |a Complementario con Rutas y senderos, Chile Zona Norte | ||
| 650 | 0 | |a Flora chilena |9 416577 | |
| 650 | 0 | |a Flora nativa chilena |9 531171 | |
| 650 | 0 | |a Plantas ornamentales |9 345450 | |
| 650 | 0 | |a Plantas bulbosas |9 413201 | |
| 650 | 7 | |a PLANTAS TREPADORAS |2 CL-VaPUC |9 586618 | |
| 583 | |a last modification |c 20160603 11:42:00 |k Rodrigo Vera | ||
| 999 | |c 364281 |d 364279 | ||
| 952 | |0 0 |1 0 |3 erb |4 0 |6 581_983000000000000_RIE_2016 |7 0 |8 A |9 477275 |a BIBAGR |b BIBAGR |i 5290287 |l 5 |m 2 |o 581.983 RIE 2016 |p 5290287 |r 2025-01-20 |s 2024-06-25 |w 2019-11-24 |y BK |z Catalogado en:20160603 |k AGR | ||
| 952 | |0 0 |1 0 |3 erb |4 0 |6 581_983000000000000_RIE_2016 |7 0 |8 A |9 477276 |a BIBAGR |b BIBAGR |i 5290260 |l 5 |m 1 |o 581.983 RIE 2016 |p 5290260 |r 2025-04-22 |s 2025-04-16 |w 2019-11-24 |y BK |z Catalogado en:20160603 |k AGR | ||
| 952 | |0 0 |1 0 |3 erb |4 0 |6 581_983000000000000_RIE_2016 |7 0 |8 A |9 477277 |a BIBAGR |b BIBAGR |i 5290244 |l 4 |o 581.983 RIE 2016 |p 5290244 |r 2025-01-20 |s 2023-03-24 |w 2019-11-24 |y BK |z Catalogado en:20160603 |k AGR | ||
| 952 | |0 0 |1 0 |3 erb |4 0 |6 581_983000000000000_RIE_2016 |7 0 |8 A |9 477278 |a BIBAGR |b BIBAGR |i 5290228 |l 2 |o 581.983 RIE 2016 |p 5290228 |r 2025-01-20 |s 2024-04-29 |w 2019-11-24 |y BK |z Catalogado en:20160603 |k AGR | ||